| Tag |
First Indicator |
Second Indicator |
Subfields |
| LEADER |
00000cam a2200000 4500 |
| 001 |
in00000469708 |
| 005 |
20151013050954.0 |
| 008 |
710614s1970 enk 00000 eng |
| 010 |
|
|
|a 70135124
|
| 015 |
|
|
|a B70-30395
|
| 020 |
|
|
|a 0206618808
|c 70/-
|
| 035 |
|
|
|a (OCoLC)00143668
|
| 035 |
|
|
|9 ACA7568AM
|
| 040 |
|
|
|a DLC
|c DLC
|d TXA
|d UtOrBLW
|
| 049 |
|
|
|a TXAM
|c [1412929]
|
| 050 |
0 |
0 |
|a PS3529.L655
|b A17 1970
|
| 082 |
0 |
|
|a 811/.5/4
|
| 100 |
1 |
|
|a Olson, Charles,
|d 1910-1970.
|
| 245 |
1 |
0 |
|a Archaeologist of morning.
|
| 264 |
|
1 |
|a London :
|b Cape Goliard,
|c 1970.
|
| 300 |
|
|
|a 245 unnumbered pages ;
|c 29 cm.
|
| 336 |
|
|
|a text
|b txt
|2 rdacontent
|
| 337 |
|
|
|a unmediated
|b n
|2 rdamedia
|
| 338 |
|
|
|a volume
|b nc
|2 rdacarrier
|
| 500 |
|
|
|a Poems.
|
| 999 |
|
|
|a MARS
|
| 999 |
f |
f |
|s 5b038602-3bc3-3e81-8ec8-2c2eb758420f
|i e60f18d9-fcbf-39d9-b0f4-f2a462c16d3e
|t 0
|
| 952 |
f |
f |
|p ric
|a Texas A&M University
|b Rellis Campus
|c Joint Library Facility
|d Remote Storage
|t 0
|e PS3529.L655 A17 1970
|h Library of Congress classification
|i unmediated -- volume
|m A14804102940
|
| 998 |
f |
f |
|a PS3529.L655 A17 1970
|t 0
|l Remote Storage
|